Normal view
MARC view
Entry Personal Name
001 - CONTROL NUMBER
- control field: 250967
003 - CONTROL NUMBER IDENTIFIER
- control field: St Aloysius Coll
005 - DATE AND TIME OF LATEST TRANSACTION
- control field: 20260110151030.0
008 - FIXED-LENGTH DATA ELEMENTS
- fixed length control field: 260110|| aca||aabn | a|a d
040 ## - CATALOGING SOURCE
- Original cataloging agency: St Aloysius Coll
- Transcribing agency: St Aloysius Coll
100 ## - HEADING--PERSONAL NAME
- Personal name: Akhtar, Jamal
670 ## - SOURCE DATA FOUND
- Source citation: Work cat.: (St Aloysius Coll)169305: Kazmi S H H 84363, Consumer behaviour, 2017